Diagnostic imaging / (Record no. 1480)

MARC details
000 -LEADER
fixed length control field 01098cam a2200313 a 4500
001 - CONTROL NUMBER
control field 2598033
003 - CONTROL NUMBER IDENTIFIER
control field OSt
005 - DATE AND TIME OF LATEST TRANSACTION
control field 20150415161912.0
008 - FIXED-LENGTH DATA ELEMENTS--GENERAL INFORMATION
fixed length control field 970606s1998 enka b 001 0 eng c
010 ## - LIBRARY OF CONGRESS CONTROL NUMBER
LC control number 97023281
020 ## - INTERNATIONAL STANDARD BOOK NUMBER
International Standard Book Number 0865426961 (BSL)
020 ## - INTERNATIONAL STANDARD BOOK NUMBER
International Standard Book Number 063204943X (international ed.)
040 ## - CATALOGING SOURCE
Original cataloging agency DNLM/DLC
Transcribing agency DLC
Modifying agency DLC
050 10 - LIBRARY OF CONGRESS CALL NUMBER
Classification number RC78.7.D53
Item number A76 1997
060 10 - NATIONAL LIBRARY OF MEDICINE CALL NUMBER
Classification number WN 180 A737d 1997
082 00 - DEWEY DECIMAL CLASSIFICATION NUMBER
Classification number WN 200 A57d 1998
Edition number 21
100 1# - MAIN ENTRY--PERSONAL NAME
Personal name Armstrong, Peter,
Dates associated with a name 1940-
9 (RLIN) 3903
245 10 - TITLE STATEMENT
Title Diagnostic imaging /
Statement of responsibility, etc. Peter Armstrong, Martin L. Wastie.
250 ## - EDITION STATEMENT
Edition statement 4th ed.
260 ## - PUBLICATION, DISTRIBUTION, ETC. (IMPRINT)
Place of publication, distribution, etc. Oxford ;
-- Malden, MA, USA :
Name of publisher, distributor, etc. Blackwell Science,
Date of publication, distribution, etc. c1998.
300 ## - PHYSICAL DESCRIPTION
Extent viii, 460 p. :
Other physical details ill. ;
Dimensions 24 cm.
504 ## - BIBLIOGRAPHY, ETC. NOTE
Bibliography, etc Includes bibliographical references and index.
650 #0 - SUBJECT ADDED ENTRY--TOPICAL TERM
Topical term or geographic name as entry element Diagnostic imaging.
9 (RLIN) 3904
650 12 - SUBJECT ADDED ENTRY--TOPICAL TERM
Topical term or geographic name as entry element Diagnostic Imaging.
9 (RLIN) 3905
700 1# - ADDED ENTRY--PERSONAL NAME
Personal name Wastie, Martin L.
9 (RLIN) 3880
906 ## - LOCAL DATA ELEMENT F, LDF (RLIN)
a 7
b cbc
c orignew
d 1
e ocip
f 19
g y-gencatlg
942 ## - ADDED ENTRY ELEMENTS (KOHA)
Source of classification or shelving scheme Other/Generic Classification Scheme
Koha item type Short Loan
Holdings
Withdrawn status Lost status Source of classification or shelving scheme Damaged status Not for loan Home library Current library Date acquired Source of acquisition Inventory number Total Checkouts Full call number Barcode Date last seen Price effective from Koha item type
    Other/Generic Classification Scheme     MUST Main Library MUST Main Library 15/04/2015   2000/14769   WN 200 A57d 1998 2015-0999 15/04/2015 15/04/2015 Short Loan
    Other/Generic Classification Scheme     MUST Main Library MUST Main Library 15/04/2015   2000/14768   WN 200 A57d 1998 2015-1000 15/04/2015 15/04/2015 Short Loan